000 00659nam a2200217Ia 4500
005 20220217093851.0
008 210716s2003 xx 000 0 und d
020 _a9780070667044
040 _cAIMIT LIBRARY
041 _aeng
082 _a658.3
_210
_bIVAJ
100 _aIvancevich, John M.
_920450
245 _aHuman resource management :
_cBy John M Ivancevich.
250 _a10th ed.
260 _aNew Delhi :
_bTata McGraw Hill Publishing Company Ltd ;
_c2010
300 _axvii, 662p. ;
_c24 cm.
650 _aJob analysis and design
_920451
650 _aRecruitment
_920452
650 _aSelection
_920453
942 _2ddc
_cBK
_e10th
_k658.3 IVAJ
999 _c207472
_d207472